Tis The Season / (Record no. 290279)
[ view plain ]
| 000 -LEADER | |
|---|---|
| fixed length control field | 00390nam a2200133Ia 4500 |
| 008 - FIXED-LENGTH DATA ELEMENTS--GENERAL INFORMATION | |
| fixed length control field | 160114s9999 xx 000 0 und d |
| 020 ## - INTERNATIONAL STANDARD BOOK NUMBER | |
| International Standard Book Number | 1563972794 |
| 050 ## - LIBRARY OF CONGRESS CALL NUMBER | |
| Classification number | 808.83 |
| 050 ## - LIBRARY OF CONGRESS CALL NUMBER | |
| Item number | .T568 1993 |
| 245 ## - TITLE STATEMENT | |
| Title | Tis The Season / |
| 260 ## - PUBLICATION, DISTRIBUTION, ETC. (IMPRINT) | |
| Place of publication, distribution, etc | United States of America : |
| Name of publisher, distributor, etc | Boyds Mills Press, Inc. |
| Date of publication, distribution, etc | 1993 |
| 300 ## - PHYSICAL DESCRIPTION | |
| Extent | 96 pages; |
| Other physical details | ill. (some col.) ; |
| 440 ## - SERIES STATEMENT/ADDED ENTRY--TITLE | |
| Title | Holidays Stories from Highlights |
| Withdrawn status | Lost status | Damaged status | Home library | Current library | Shelving location | Date acquired | Total Checkouts | Full call number | Date last seen | Price effective from | Koha item type |
|---|---|---|---|---|---|---|---|---|---|---|---|
| Stonyhurst Southville International School (Batangas) | Stonyhurst Southville International School (Batangas) | Grade School Section | 01/14/2016 | 808.83 .T568 1993 | 01/14/2016 | 01/14/2016 | Books |